Madden NFL 24 Top 20 WRs - Statistics

General Stats
  • This quiz has been taken 2,607 times
  • The average score is 19 of 20
Answer Stats
Club Overall Player % Correct
Minnesota Vikings 99 Justin Jefferson
100%
Miami Dolphins 98 Tyreek Hill
100%
Cincinnati Bengals 94 Ja'Marr Chase
99%
Philadelphia Eagles 91 A.J. Brown
98%
Detroit Lions 87 Amon-Ra St. Brown
98%
Los Angeles Rams 96 Cooper Kupp
98%
Las Vegas Raiders 97 Davante Adams
98%
Buffalo Bills 96 Stefon Diggs
98%
Dallas Cowboys 90 CeeDee Lamb
97%
Tampa Bay Buccaneers 90 Mike Evans
96%
Seattle Seahawks 88 D.K. Metcalf
95%
Miami Dolphins 88 Jaylen Waddle
95%
San Francisco 49ers 89 Deebo Samuel
94%
Philadelphia Eagles 87 DeVonta Smith
94%
Washington Commanders 92 Terry McLaurin
94%
Los Angeles Chargers 89 Keenan Allen
93%
Cleveland Browns 91 Amari Cooper
91%
Seattle Seahawks 89 Tyler Lockett
91%
Tennessee Titans 93 DeAndre Hopkins
90%
Los Angeles Chargers 88 Mike Williams
78%
No matching quizzes found
Score Distribution
Percent of People with Each Score
Percentile by Number Answered
Your Score History
You have not taken this quiz